To-day on the Nile /
Saved in:
Main Author:
Format: Book
Language: English
Published:
New York :
J. Pott & Co.,
1909.
Subjects:
Tags: Add Tag
No Tags, Be the first to tag this record!
Call Number: DT55 .D92 1909
| LEADER | 00724namaa2200229 4500 | ||
|---|---|---|---|
| 001 | 18944 | ||
| 003 | OSt | ||
| 005 | 20260329064007.0 | ||
| 008 | 130303s1909 nyubf 000 0 eng d | ||
| 040 | |c ARCE Library | ||
| 043 | |a f-ua--- | ||
| 050 | 4 | |a DT55 .D92 1909 | |
| 100 | 1 | |a Dunning, Harry Westbrook, |d 1871-, |e author |9 29314 | |
| 245 | 1 | 0 | |a To-day on the Nile / |c by H. W. Dunning, illustrated with photogravures. |
| 264 | 1 | |a New York : |b J. Pott & Co., |c 1909. | |
| 300 | |a 3 preliminary leaves, iii-ix, 275 pages frontispiece, 16 plates : |b folded map ; |c 21 cm. | ||
| 650 | 0 | |a Art, Egyptian. | |
| 651 | 0 | |a Egypt |x Description and travel. | |
| 651 | 0 | |a Nile River. | |
| 901 | |a reviewed | ||
| 942 | |c BK |2 lcc | ||
| 999 | |c 15994 |d 15994 | ||
